LEADER 01949nam a2200313 a 4500 001 000000117352 003 CaOOAMICUS 005 20091013093504.0 008 091013s1590 gw u001 u lat r 026 $atoin amus$bi-o-quuo (3)$c1590 (R) 040 $aPUL$bita$dARIA 100 1 $aPetrus, Suffridus,$d1527-1597.$0(OLS)http://pul/name/73175 245 10$aDe Frisiorum antiquitate et origine libri tres: in quibus non modo eius gentis propriae, sed et communes Germaniae totius antiquitates multae, hactenus incognitae, produntur; et obscuri veterum scriptorum loci plurimi illustrantur: /$cauctore Suffrido Petro Leovardiensi... . 260 $aColoniae Agrippinae :$bin officina Birckmannica :$bsumptibus Arnoldi Mylij,$c1590. 300 $a[32], 335, [1] p. ;$c8° (15 cm) 500 $aSegnatura: 2[croce latina]8 A-X8 500 $aInclude indici. 500 $aIniziali xil. 500 $aIn calce al front.: Cum gratia et privilegio Sacre Cesarea Maiestatis. 662 $aGermania$dColonia.$0(OLS)http://pul/subject/35038 710 0 $aBirckmann$4pbl.$0(OLS)http://pul/name/71466 710 0 $aMylius, Arnold$4pbl.$0(OLS)http://pul/name/71467 850 $aPUL 852 $aPUL$W1$xDP1 Antico 500$y12$m122 E 28$j134667$qStampati Antico$B133637$CPULBib$Z2$F133637 $82 856 0$uhttp://aquabrowser.pul.it/cinquecentine/122E28-1.jpg 941 1 $a15 961 $aPrecedente appartenenza: Collegio Germanico - Bibl. Sup. in Vita Joan [?].Stemma dell'ordine dei Gesuiti (JHS) sul dorso.Stemma di Gregorio XIII sul dorso. 996 $6245$aDe Frisiorum antiquitate et origine libri tres: in quibus non modo eius gentis propriae, sed et communes Germaniae totius antiquitates multae, hactenus incognitae, produntur; et obscuri veterum scriptorum loci plurimi illustrantur:$9(OLS)http://pul/title/147669 996 $6260$aColoniae Agrippinae :$bin officina Birckmannica :$bsumptibus Arnoldi Mylij$9(OLS)http://pul/publisher/55182 LEADER 01183nam a2200289 a 4500 001 000000173404 003 CaOOAMICUS 005 20200513124005.0 008 200513s2019 it u000 u ita r 020 $a978-88-430-9846-0* 032 $aLibriCat 035 $a10993884 040 $aPUL$bita 245 00$aElementi di etica e deontologia per psicologi / $ca cura di Antonella Corradini. 260 $aRoma :$bCarocci,$c2019. 300 $a183 p. ;$c22 cm 490 1 $aStudi superiori$aPsicologia ;$v1182 650 4$aDeontologia professionale.$0(OLS)http://pul/subject/38433 700 1 $aCorradini, Antonella.$0(OLS)http://pul/name/36840 830 0$aStudi superiori (Carocci) ;$v1182.$0(OLS)http://pul/title/138453 850 $aPUL 852 $aPUL$W1$xDP1 Diritto e Scienze Sociali 3$y91$m344. 4505 CORAN 1$j197398$qDDC 21$B202181$CPULBib$Z2$F202181 $H134145 $82 941 1 $a9 996 $6020$a978-88-430-9846-0*$9(OLS)http://pul/number/167409 996 $6245$aElementi di etica e deontologia per psicologi / $9(OLS)http://pul/title/214574 996 $6260$aRoma :$bCarocci$9(OLS)http://pul/publisher/66917